=LDR 00000nam 2200000 4500 =001 INLIS000000000016846 =005 20130612112059 =008 ***********************************Ind** =035 ##$$0010-061300000016846 =041 ##$$a Ind =082 ##$$a 370.71 =090 ##$$a 370.71, Nur p =100 ##$$a Nuristo =245 ##$$a Peningkatan prestasi sekolah mengengah, Nursito =260 ##$$a 2003 $b Jakarta =300 ##$$a vii, 161 hlm, 23 cm =650 ##$$a Pendidikan Guru =850 ##$$a NBPNMAT